| 000 | 00354 a2200085 4500 | ||
|---|---|---|---|
| 999 |
_c19953 _d19953 |
||
| 003 | WA 310 | ||
| 005 | 20211203090607.0 | ||
| 008 | 211203b xxu||||| |||| 00| 0 pol d | ||
| 020 | _a8324337873 | ||
| 040 |
_aWA 310 _cWA 310 |
||
| 041 |
_apol _heng |
||
| 245 | 0 | 0 |
_aSieci kablowe służące do rozprowadzania sygnałów: telewizyjnych - radiofonicznych i usług interaktywnych Część 7: Parametry systemowe PN-EN 50083-7:2004P / _cKT nr 11. |
| 246 | 1 | 3 | _aPN-EN 50083-7 |
| 246 | 1 | 3 | _aICS 33.060.40 |
| 246 | 1 | 3 | _aPolska Norma |
| 246 | 3 | 1 | _aCabled distribution systems for television and sound signals - Part 7: System performance |
| 260 |
_aWarszawa : _bPKN, _c2004. |
||
| 300 |
_a74 stron ; _c30 cm. |
||
| 336 |
_2rdacontent _aTekst _btxt |
||
| 337 |
_2rdamedia _aBez urządzenia pośredniczącego _bn |
||
| 338 |
_2rdacarrier _aWolumin _bnc |
||
| 500 | _aWprowadza EN 50083-7:1996/corrigendum Jul. 2000, IDT ; EN 50083-7:1996, IDT ; EN 50083-7:1996/A1:2000, IDT ; Zastępuje PN-EN 50083-7:2002 ; Zatwierdzona 21 kwietnia 2004 roku. | ||
| 590 | _6Status: wycofana ; Zastąpiona przez PN-EN 60728-1:2008 wersja angielska. | ||
| 710 |
_91107 _aPolska. _bPolski Komitet Normalizacyjny. |
||
| 920 | _a83-243-3787-3 | ||
| 942 |
_2ddc _cBK |
||